000 00386nam a22001697a 4500
005 20160627142410.0
008 160627b xxu||||| |||| 00| 0 eng d
020 _a978-87-7688-570-2
041 _aeng
082 _b10635
100 _aL.Ron, Habard
_92932
245 _a" Development of a science"
260 _bNew Era
300 _a111
650 _aManagement
_9241
942 _cBK
999 _c4245
_d4244